Statistiques concernant YHB Taekwondo - Lexique base (Keup)

Cliquez ici pour prendre le quiz!

Statistiques générales

  • Ce quiz a été pris 23 fois
  • Le résultat moyen est 20 sur 32

Statistiques - réponses

QuestionRéponse% Correct
Niveau basAle
86%
Techniques de piedsTchagui
86%
BlocagesMaki
77%
Niveau moyenMontong
77%
Technique de côtéYop
77%
Vers l'intérieurAn
73%
Niveau hautEulgoul
73%
Technique marteau (mouvement descendant)Neryo
73%
Tranchant de la mainSonnal
73%
Position de départ (Prêt)Tchoumbi
73%
Vers l'extérieurBakkat
68%
Demi-tourDwiro Dora
68%
Un seul tranchant de la mainHan sonnal
68%
Technique circulaireDolyo
64%
"Saluez"Kyongnye
64%
Le coudePalkoup
64%
Coup de pied jambe avant (n'importe quel coup de pied)Ap bal tchagui
59%
PositionsSeugui
59%
Changez de côté / de gardeBalbakosso
55%
La paume de la mainBatangsonn
55%
Baro (Tchileugui)Coup de poing côté jambe arrière
55%
Le genouMoureup
55%
Enchaînement de coups de pieds différents avec la même jambe (n'importe quel coup de pied)Sokkot tchagui
55%
Double blocage simultané de face (en ciseau)Kawi maki
50%
Position : Pieds parallèles, distance d'un piedNaranhi Seugui
50%
"Garde à vous"Tchaliot
50%
Le revers du poingDeung joumok
45%
Le poingJoumok
45%
Coup de pied sauté (n'importe quel coup de pied)Tuyeu tchagui
45%
L'extrêmité des doigtsPyon sonn keut
41%
Coup de pied identique, enchaîné avec les deux jambes (n'importe quel coup de pied)Y oh tchagui
36%
Marteau du poingMe joumok
32%

Distribution des résultats

Percentile par nombre de réponses

% des personnes avec chaque résultat

Votre développement - résultats

Vous n’avez pas pris ce quiz